[Event "Mallorca-ch U18"]
[Site "Algaida"]
[Date "2020.03.08"]
[Round "4.8"]
[White "Amoros Faro, Pau"]
[Black "Montoro Gazquez, Mario"]
[Result "0-1"]
[WhiteElo "1142"]
[BlackElo "1165"]
[PlyCount "70"]
[EventDate "2020.02.09"]
[EventType "swiss"]
[EventRounds "6"]
[EventCountry "ESP"]
[SourceTitle "EXT 2024"]
[Source "ChessBase"]
[SourceDate "2023.10.10"]
[SourceVersion "1"]
[SourceVersionDate "2023.10.10"]
[SourceQuality "1"]

1. b3 e5 2. Bb2 Nc6 3. e3 Nf6 4. Bb5 d6 5. Ne2 Bd7 6. 0-0 Be7 7. Bxc6 Bxc6 8. d4 0-0 9. c4 b6 10. dxe5 dxe5 11. Bxe5 Bd6 12. Bxd6 cxd6 13. Nbc3 Qe7 14. Nd4 Bb7 15. Nf3 Rfd8 16. Qe2 Rac8 17. Nb5 Ba6 18. Nbd4 d5 19. Nd2 dxc4 20. Nxc4 Rxd4 21. Qb2 Bxc4 22. Rac1 Rdd8 23. bxc4 Ne4 24. Rfd1 Rd7 25. f3 Ng5 26. e4 Qc5+ 27. Kf1 Rcd8 28. Ke2 f5 29. f4 Ne6 30. Kf1 Rxd1+ 31. Rxd1 Rxd1+ 32. Ke2 Rg1 33. exf5 Nxf4+ 34. Kd2 Qa5+ 35. Ke3 Rxg2 0-1